Occupations and Job titles - Statistics

General Stats
  • This quiz has been taken 21 times
  • The average score is 5 of 15
Answer Stats
Hint Answer % Correct
One of the two fighters in "The Rumble in the Jungle" George Foreman
53%
British navigator famous for discovering and charting New Zealand and Australia's Great Barrier Reef James Cook
53%
His band had a 1970's hit with "The Joker" Steve Miller
53%
Former Tennis player and host of "A Question of Sport" Sue Barker
53%
Margaret Hilda Roberts, the most famous grocersdaughter in the UK Margaret Thatcher
47%
1950's singer married to Debbie Reynolds,Elizabeth Taylor and Connie Stevens Eddie Fisher
42%
The artist who painted "The Haywain" John Constable
42%
Convicted murderer of former Beatle John Lennon Mark Chapman
37%
Scottish professional football player who played as a winger for Rangers Davie Cooper
32%
Played the original Kelly Garrett in "Charlie's Angels" Jaclyn Smith
32%
Actor who plays Secret Service Agent Mike Banning Gerard Butler
26%
Writer whose first novel was "The Big Sleep" Raymond Chandler
26%
Actor who played Travis Bickle's date in "Taxi Driver" Cybill Shepherd
21%
Sid James character in "Bless This House" Sid Abbott
16%
Liverpool born comedian, presenter, actor, and former footballer John Bishop
11%
No matching quizzes found
Score Distribution
Percent of People with Each Score
Percentile by Number Answered
Your Score History
You have not taken this quiz